000
00443nam a2200133Ia 4500
001
13962
003
GE_BSU
008
181216s||||||||xx |||||||||||||| ||und||
040
_c
GE_BSU
245
_a
ლიტერატურული პალიტრა №12. 2014. დეკემბერი
245
_c
მთ.რედ.ზაალ ჩხეიძე
653
_a
ლიტერატურული პალიტრა
942
_c
CR
999
_c
47105
_d
47105